Physics in focus (Record no. 81909)
[ view plain ]
| 000 -LEADER | |
|---|---|
| fixed length control field | 00659nam a2200157 a 4500 |
| 008 - FIXED-LENGTH DATA ELEMENTS--GENERAL INFORMATION | |
| fixed length control field | 120416s0000 ||||||||||||||||| || u |
| 020 ## - INTERNATIONAL STANDARD BOOK NUMBER | |
| International Standard Book Number | 0174481799 |
| 050 ## - LIBRARY OF CONGRESS CALL NUMBER | |
| Classification number | QC 21.2 Bri |
| 100 ## - MAIN ENTRY--PERSONAL NAME | |
| Personal name | Brimicombe, Michael |
| 245 10 - TITLE STATEMENT | |
| Title | Physics in focus |
| 260 ## - PUBLICATION, DISTRIBUTION, ETC. | |
| Place of publication, distribution, etc. | Surrey |
| Name of publisher, distributor, etc. | Educational Low-Priced Books Scheme |
| Date of publication, distribution, etc. | 1990 |
| 300 ## - PHYSICAL DESCRIPTION | |
| Extent | ix, 608p. : ill |
| 350 ## - | |
| -- | 0.00 |
| 995 ## - | |
| -- | BINDERY (DAMAGED) |
| -- | 0.00 |
| -- | 727407 |
| -- | CBU-MAIN LIBRARY (Kitwe) |
| -- | 2 |
| -- | 26200.00 |
| -- | QC 21.2 Bri |
| -- | DAMAGED |
| -- | 018563 |
| -- | Main Library Open Access Collection |
| 995 ## - | |
| -- | BINDERY (DAMAGED) |
| -- | 0.00 |
| -- | 018566 |
| -- | CBU-MAIN LIBRARY (Kitwe) |
| -- | 1 |
| -- | 26200.00 |
| -- | QC 21.2 Bri |
| -- | DAMAGED |
| -- | 018566 |
| -- | Main Library Open Access Collection |
| 999 ## - | |
| -- | 81909 |
| -- | 81909 |
| Withdrawn status | Lost status | Source of classification or shelving scheme | Damaged status | Not for loan | Permanent Location | Current Location | Shelving location | Date acquired | Total Checkouts | Full call number | Barcode | Date last seen | Copy number | Price effective from | Koha item type |
|---|---|---|---|---|---|---|---|---|---|---|---|---|---|---|---|
| CBU-MAIN LIBRARY, KITWE. | CBU-MAIN LIBRARY, KITWE. | 09/12/2023 | QC 21.2 Bri | 018563 | 09/12/2023 | 1 | 09/12/2023 | MONOGRAPH | |||||||
| CBU-MAIN LIBRARY, KITWE. | CBU-MAIN LIBRARY, KITWE. | 09/12/2023 | QC 21.2 Bri | 018566 | 09/12/2023 | 2 | 09/12/2023 | MONOGRAPH |